| 000 | 00474 a2200169 4500 | ||
|---|---|---|---|
| 020 | _a 8175541245 | ||
| 040 |
_aDLC _bDLC |
||
| 082 | _a 158 | ||
| 100 | _aClements, Phil | ||
| 245 |
_a Be Positive: A guide for managers _c Phil Clements |
||
| 250 | _a2nd ed | ||
| 260 |
_a New Delhi: _bKogan Page _c2004. |
||
| 300 |
_a vi, 119 p. . _b ill. _c 24 cm |
||
| 500 | _a Includes Index | ||
| 650 | _a 1.Conduct of life.2.Self actualization (psychology) | ||
| 942 |
_cBK _k158 CLE _2ddc |
||
| 999 |
_c7029 _d7029 |
||